A jövő század kutyája, a német juhászkutya tükrében

Elmentve itt :
Bibliográfiai részletek
Szerző: Csóka István
További közreműködők: Bíró Andor (Témavezető)
Dokumentumtípus: Szakdolgozat
Megjelent: 2000
Kulcsszavak:Kutyatenyésztés
Német juhászkutya
Tárgyszavak:
Online Access:http://diploma.bibl.u-szeged.hu/100734
LEADER 00719nta a2200217 i 4500
001 dipl100734
005 20211123102024.0
008 211118s2000 hu om 0|| hun d
040 |a SZTE Diploma Repozitórium  |b hun 
041 |a hun 
100 1 |a Csóka István 
245 1 2 |a A jövő század kutyája, a német juhászkutya tükrében  |h [elektronikus dokumentum] /  |c István Csóka 
260 |c 2000 
300 |a 60 
650 4 |a Agrár 
650 4 |a Agricultural sciences 
650 4 |a Agriculture, forestry and fisheries 
695 |a Kutyatenyésztés 
695 |a Német juhászkutya 
700 1 |a Bíró Andor  |e ths 
856 4 0 |u http://diploma.bibl.u-szeged.hu/id/eprint/100734/1/2000_csoka_istvan.pdf  |z Dokumentum-elérés